000
00260pam a2200121 a 4500
020
_c
041
_a
eng
100
_a
Pritcbard.J.P.
245
_a
Criticison In America
_h
Textual Documents
260
_a
[s.l]:
_b
Lyall Books
300
_a
325p.
930
_a
15564
999
_c
92464
_d
92464